000 00767ngm a2200193 a 4500
005 20240113063632.0
008 991125s1970 mx 026 aaspa u
035 _aUPN01000003646
049 _aAV
050 4 _aPVI H 0003
245 0 0 _aAplauso.
260 _aMéxico :
_bPelículas Mel,
_c[197?].
300 _a1 videocasete (VHS) (26 min.) :
_bson., col. +
_eguía del instructor
500 _aNúmero que le corresponde en el catálogo de películas Mel: 0054
520 _aLa Dra. Georgette Mc. Gregor, importante oradora, presenta siete pasos para lograr la confianza en sí mismo cuando se le solicita hablar ante un auditorio, ya sea de una, de cien o de mil personas
650 4 _aComunicación
_99285
650 2 _aOratoria
_94605
905 _aAudiovisuales
999 _c3646
_d3646